| 000 | 00419nam a22001817a 4500 | ||
|---|---|---|---|
| 003 | NUST | ||
| 020 | _a0-07-0600929 | ||
| 038 | _akhadija | ||
| 082 |
_a658.4034 _bHIL |
||
| 100 |
_aHillier,Frederick S. _985131 |
||
| 245 | _aIntroduction to Operations Research | ||
| 250 | _a8th | ||
| 260 |
_aNew Delhi, _bTata McGraw Hill, _c2005. |
||
| 300 | _a1061p. : | ||
| 500 | _aPaperback. | ||
| 563 | _aPB | ||
| 942 |
_cBK _2ddc |
||
| 999 |
_c32490 _d32490 |
||